| 000 | 01780nas a2200361 c 4500 | ||
|---|---|---|---|
| 003 | BLK | ||
| 005 | 20180422122145.0 | ||
| 008 | 180413b bul |a|er|||| |0| c|bulo| | ||
| 010 | _aPRD00001112000 | ||
| 022 | _a1313-2814 | ||
| 040 | _aBLK | ||
| 041 |
_aBUL _cBUL |
||
| 080 |
_aОбществени финанси. Финансово законодателство. Подразделя се със знака за съотношение и индекса 336. 12 _b351.72 _x:336.21/.26(497.2) _z351.72:336.21/.26(497.2) |
||
| 110 | 1 |
_aИК Труд и право _eРед. кол. : Деница Милева и др. _9388129 |
|
| 139 | _bБ 92 | ||
| 245 | 1 | 0 |
_aНОВОТО ДАНЪЧНО ЗАКОНОДАТЕЛСТВО ПРЕЗ.... ГОДИНА _bГодишник _cИК Труд и право ; Ред. кол. : Деница Милева и др. _fНачална год. на издаване: За 2008 (2008), |
| 257 | _aBGR | ||
| 260 |
_аСофия _bТруд и право _c2008 _fМултипринт ООД |
||
| 300 | _c21 | ||
| 310 |
_апериодичност: 1 _bабонамент за: 2017 _cдепозит за: 2017 _dдни, в които се получава: 0000000 _eсрок за съхранение: 99 |
||
| 380 | _a3 | ||
| 500 | _aзабележка:Заб.: Преди 2008 г. - Вж в каталога на книги. | ||
| 650 | 4 |
_aДанъчно облагане _9267110 |
|
| 650 | 4 |
_aДанъци _9152786 |
|
| 653 | _aданъчно законодателство | ||
| 653 | _aданъчни декларации | ||
| 653 | _aданъчно облагане | ||
| 852 | _aА 3655 | ||
| 856 |
_qpdf _u |
||
| 856 |
_qpdf _u |
||
| 942 |
_cCPU _n0 _s1 |
||
| 944 |
_aCR _cВаня_Йорданова _k11.06.2008 |
||
| 944 |
_aED _cВаня_Йорданова _k13.03.2017 |
||
| 999 |
_c290081 _d290081 |
||